000
00240nam a22000857a 4500
008
160706b xxu||||| |||| 00| 0 eng d
100
_9
2335
_a
Srikumar, A.K
245
_a
Remembering: Our Leaders
260
_a
New Delhi
_b
National Book Trust
_c
1993
999
_c
2012
_d
2012